000 00451nam a22001457a 4500
082 _a621.3
100 _aSyed, Sana
245 _aAdaptive Control of Aircraft with Actuator Failures /
_cSana Syed
260 _aIslamabad :
_bCEME - NUST,
_c2013.
300 _a71 p. ;
_c30cm.
650 _aElectrical Engineering-MS-Thesis
_916073
700 _aDr. Muhammad Salman
_929314
942 _2ddc
_cTHE
999 _c537874
_d537874